000 00723nam a2200253Ia 4500
003 OSt
005 20221005042543.0
006 a|||||r|||| 00| 0
007 ta
008 221004b |||||||| |||| 00| 0 urd d
020 _a9789350736128 (hbk)
_c160
024 _a27085
037 _b4694, 10/03/2016, Kitabi Duniya
_cTextual
040 _aCRL
_cCRL
_burd
041 _2urd
_aurd
082 _aO168,1:g, Q5
100 _aRahman Azimur
_9179613
245 0 _aSahra Mein Sadaa
260 _aDelhi.
_bEducational India
_c2015
300 _a148p.
_ccm.
650 _aURDU POETRY
942 _hO168,1:g, Q5
_cTEXL
_2cc
999 _c950393
_d950393